Central Library OPAC University of Rajshahi

Theory of portfolio selection / (Record no. 4223)

MARC details
000 -LEADER
fixed length control field 00934nam a2200301 i 4500
001 - CONTROL NUMBER
control field 4223
003 - CONTROL NUMBER IDENTIFIER
rucl marc code BD-RjUL
005 - DATE AND TIME OF LATEST TRANSACTION
control field 20211208233845.0
008 - FIXED-LENGTH DATA ELEMENTS--GENERAL INFORMATION
fixed length control field 131222s1978 enka b 001 0 eng
020 ## - INTERNATIONAL STANDARD BOOK NUMBER
International Standard Book Number 0333233069 :
International Standard Book Number 0333176863 (pbk.)
035 ## - SYSTEM CONTROL NUMBER
System control number (BD-RjUL)4258
040 ## - CATALOGING SOURCE
Original cataloging agency DLC
Transcribing agency DLC
Modifying agency DLC
-- BD-RjUL
Language of cataloging eng
041 ## - LANGUAGE CODE
Language code of text/sound track or separate title eng
082 00 - DEWEY DECIMAL CLASSIFICATION NUMBER
Classification number 332.6
Author mark and year RYT 1978
100 1# - MAIN ENTRY--PERSONAL NAME
Personal name Ryan, Terence M.
9 (RLIN) 13383
245 10 - TITLE STATEMENT
Title Theory of portfolio selection /
Statement of responsibility, etc. Terence M. Ryan.
260 ## - PUBLICATION, DISTRIBUTION, ETC. (IMPRINT)
Place of publication, distribution, etc. London :
Name of publisher, distributor, etc. Macmillan,
Date of publication, distribution, etc. c1978.
300 ## - PHYSICAL DESCRIPTION
Pagination viii, 142 p. :
Illustrations ill. ;
Size 21 cm.
490 0# - SERIES STATEMENT
Series statement Studies in finance and accounting
504 ## - BIBLIOGRAPHY, ETC. NOTE
Bibliography, etc Bibliography: p. [141]-142 and index.
650 #0 - SUBJECT ADDED ENTRY--TOPICAL TERM
Topical term or geographic name as entry element Investment analysis.
9 (RLIN) 13384
Topical term or geographic name as entry element Investments.
9 (RLIN) 13385
856 ## - ELECTRONIC LOCATION AND ACCESS
Uniform Resource Identifier <a href="http://www.worldcat.org/title/theory-of-portfolio-selection/oclc/4703396&referer=brief_results">http://www.worldcat.org/title/theory-of-portfolio-selection/oclc/4703396&referer=brief_results</a>
942 ## - ADDED ENTRY ELEMENTS (KOHA)
Source of classification or shelving scheme Dewey Decimal Classification
Koha item type Books
Holdings
Lost status Source of classification or shelving scheme Damaged status Not for loan Collection code Permanent Location Current Location Shelving location Date acquired Source of acquisition Cost, normal purchase price Total Checkouts Full call number Date last seen Copy number Koha item type
  Dewey Decimal Classification     Non-fiction Central Library, University of Rajshahi Central Library, University of Rajshahi   28/12/1981 Helfers 10.00   332.6 RYT 1978 22/12/2013 C-2 Books
  Dewey Decimal Classification     Non-fiction Central Library, University of Rajshahi Central Library, University of Rajshahi   28/12/1981 Heklas 10.00   332.6 RYT 1978 26/06/2016 C-3 Books
  Dewey Decimal Classification     Non-fiction Central Library, University of Rajshahi Central Library, University of Rajshahi   28/12/1982 Heklas 10.00   332.6 RYT 1978 26/06/2016 C-4 Books
  Dewey Decimal Classification     Non-fiction Central Library, University of Rajshahi Central Library, University of Rajshahi   28/12/1982 Heklas 10.00   332.6 RYT 1978 26/06/2016 C-5 Books
  Dewey Decimal Classification   Not For Loan Non-fiction Central Library, University of Rajshahi Central Library, University of Rajshahi Reading Room 28/12/1981 Heffer 10.00   332.6 RYT 1978 19/12/2016 C-1 Books